| 000 | 00415nam a22001457a 4500 | ||
|---|---|---|---|
| 082 |
_a346.045 _bHEA _cL-17, P-1 |
||
| 100 |
_aHeap, Desmond _937791 |
||
| 245 |
_aAn outline of planning law / _cHeap, Desmond |
||
| 260 |
_aLondon _bSweet & Maxwell Limited _c1955 |
||
| 300 | _axxxvi, 204 p. : | ||
| 526 |
_a0 _b0 _c0 _d346_045000000000000_HEA |
||
| 650 |
_aMCE _9379 |
||
| 700 |
_aHeap, Desmond _937791 |
||
| 942 |
_2ddc _cBK |
||
| 999 |
_c542573 _d542573 |
||